| 000 | 01314nam a2200229Ia 4500 | ||
|---|---|---|---|
| 999 |
_c38140 _d38140 |
||
| 001 | 4130 | ||
| 003 | GE_BSU | ||
| 005 | 20190927115221.0 | ||
| 008 | 181216s2007||||ge |||||||||||||| ||geo|| | ||
| 040 | _cGE_BSU | ||
| 041 | _ageo | ||
| 080 | _a39(479.22) ს–24 | ||
| 245 |
_aსამხრეთ–დასავლეთ საქართველოს ეთნოლოგიის პრობლემები : _b N 1 / _cრედ. ნოდარ კახიძე. |
||
| 264 |
_aბათუმი : _bშოთა რუსთაველის სახელმწიფო უნივერსიტეტი, _c2007. |
||
| 300 |
_a227 გვ. ; _b20 სმ. |
||
| 500 | _aეძღვნება ინსტიტუტის დაარსების 50 წლისთავს | ||
| 501 | _aპარალელური თავფურცლები რუსულ და ინგლისურ ენებზე. | ||
| 653 | _aეთნოლოგია | ||
| 700 |
_aკახიძე, ნოდარ _eრედაქტორი _91519 |
||
| 710 |
_aბათუმის ნიკო ბერძენიშვილის სახელობის სამეცნიერო-კვლევითი ინსტიტუტი _94354 |
||
| 942 |
_cBK _2udc |
||